El proceso de la comunicación; introducción a la teoría y a la práctica /

Guardado en:
Autor Principal: Berlo, David K.
Formato: Libro
Publicado: Buenos Aires : El Ateneo, 1979
Materias:
Etiquetas: Agregar Etiqueta
Sin Etiquetas, Sea el primero en etiquetar este registro!
LEADER 00582nam a22001935a 4500
001 CEM.cems006843
005 20060214000000.0
008 130507s1979##################000#0#####d
003 CEMS
082 0 4 |a 370.19 
100 1 |a Berlo, David K. 
245 1 0 |a El proceso de la comunicación; introducción a la teoría y a la práctica / 
260 |a Buenos Aires :  |b El Ateneo,  |c 1979 
300 |a 239 p. 
653 |a Comunicacion 
653 |a Comunicacion-proceso 
653 |a Educacion 
653 |a Teoria de la comunicacion 
859 |a CEMS  |b BIB. CEMS - 11 de abril  |h 370.19  |i B455  |p 8701.81  |t Ej.1